Geography Quiz

Random Geography or City Quiz

City Quiz: Edinburgh Stats

 Plays Quiz not verified by Sporcle

Challenge
Share
Tweet
Embed
Score 0/40 Timer 06:00
0 Plays Today
Hint Answer % Correct
Constituent country of aboveScotland
98.8%
CountryUnited Kingdom
91.5%
Only bigger Scottish cityGlasgow
84.1%
Two-letter postcodeEH
75.6%
Main hill '____ Seat'Arthur's
75.6%
AirportEdinburgh Airport
74.4%
IslandGreat Britain
72%
Scottish Premier League TeamHibernians
72%
'Unofficial' parallel eventEdinburgh Festival Fringe
70.7%
Scottish Premier League Team Heart of Midlothian
69.5%
Rugby StadiumMurrayfield
69.5%
Road from Edinburgh Castle to HolyroodRoyal Mile
69.5%
James BondSean Connery
69.5%
Proclaimers song 'Sunshine on ____'Leith
68.3%
Loyal dog from GreyfriarsGreyfriars Bobby
67.1%
Main railway stationWaverley
64.6%
Nickname 'Auld ____'Reekie
62.2%
New Year celebrationsHogmanay
57.3%
Irvine Welsh heroin book/movieTrainspotting
54.9%
RegionLothian
53.7%
Hint Answer % Correct
Scotland's most successful OlympianSir Chris Hoy
53.7%
Largest Immigrant PopulationIndia
52.4%
Population (00 000s)500 000
52.4%
Nickname '____ of the North'Athens
51.2%
Parliament BuildingHolyrood Palace
50%
Rob Roy authorSir Walter Scott
48.8%
August cultural eventEdinburgh Festival
47.6%
Bordering body of waterFirth of Forth
46.3%
Cathedral (Presbyterian) St ____Giles'
46.3%
Ian Rankin detectiveInspector Rebus
45.1%
British Prime MinisterTony Blair
43.9%
Largest Immigrant PopulationPoland
40.2%
Grand Theft Auto video game companyRockstar
36.6%
Commonwealth Games Year1986
35.4%
Muriel Spark schoolteacherMiss Jean Brodie
34.1%
Commonwealth Games Year1970
30.5%
Largest Immigrant PopulationChina
30.5%
Cathedral (Catholic) St ____Mary's
24.4%
Cathedral (Episcopal) St ____Mary's
24.4%
Gaelic nameDunedin
23.2%

You're not logged in!

Compare scores with friends on all Sporcle quizzes.
Join for Free
OR
Log In

You Might Also Like...

Show Comments

Extras

Created Aug 30, 2017ReportNominate
Tags:City Quiz, edinburgh

Top Quizzes Today


Score Distribution

Your Account Isn't Verified!

In order to create a playlist on Sporcle, you need to verify the email address you used during registration. Go to your Sporcle Settings to finish the process.

Report this User

Report this user for behavior that violates our Community Guidelines.

Details: